| 000 | 00888nam a22002654a 4500 | ||
|---|---|---|---|
| 005 | 20081128140742.0 | ||
| 008 | 080618s2008 ii a 001 0 eng | ||
| 010 | _aENG-92131 | ||
| 020 |
_a9788189005269 _c175.00 |
||
| 035 | _aEN-75664 | ||
| 037 | _bDBAD / PUB | ||
| 040 |
_adpl _bEnglish |
||
| 082 | _a350 | ||
| 100 | _aAshok Kumar | ||
| 240 | _aCorrespondence | ||
| 245 |
_aAdministrative thinkers / _cby Ashok Kumar |
||
| 260 |
_aNew Delhi : _bSaurabh Publishing House _c2008 |
||
| 270 |
_a4263/3, Ansari Road, Daryaganj, _bNew Delhi _e110002 |
||
| 300 |
_avii, 302p. _c20 cm (pbk) |
||
| 500 | _aIncludes index | ||
| 650 | _aManagement. | ||
| 650 | _aPublic administration. | ||
| 942 |
_2ddc _cEN _mASH _h350 |
||
| 999 |
_c19706 _d19706 |
||